| 000 | 00510nam a22001697a 4500 | ||
|---|---|---|---|
| 003 | NUST - PNEC | ||
| 005 | 20170116181010.0 | ||
| 008 | 150913b xxu||||| |||| 00| 0 eng d | ||
| 020 | _a0675211794 | ||
| 040 | _cLIBRARY | ||
| 082 | _a005.36 ING | ||
| 100 |
_910080 _aIngalsbe, Lon |
||
| 245 |
_aUsing computers and application software : Featuring Lotus 1-2-3, dBase III/III Plus, and WordPerfect _cLon Ingalsbe |
||
| 260 | _cc.1989 | ||
| 650 |
_910083 _aMicrocomputers--Programming _xMIS |
||
| 942 |
_2ddc _cBK |
||
| 999 |
_c67038 _d67038 |
||